|
|
|
|
| LEADER |
00000nam a22000007a 4500 |
| 005 |
20190410131444.0 |
| 007 |
cr|||| |||| |
| 008 |
190410s2018 es |||||s|||| 00||0 spa d |
| 020 |
|
|
|a 978-84-17310-03-5
|
| 035 |
|
|
|a 23178
|
| 040 |
|
|
|a vLex
|
| 090 |
|
|
|c 8582
|d 8582
|
| 245 |
0 |
0 |
|a Servicios esenciales, servicios mn̕imos y derecho de huelga
|h [Recurso electrn̤ico] /
|
| 256 |
|
|
|a Servicio en ln̕ea
|
| 260 |
|
|
|a Albacete:
|b Editorial Bomarzo,
|c 2018
|
| 300 |
|
|
|a 1 recurso electrn̤ico
|
| 506 |
1 |
|
|a Disponible solo en los productos indicados
|d vLex Global
|d vLex Global (Academic Edition, excluding Law Schools)
|d vLex Global (U.S. Academic Edition, Law Schools)
|d vLex Global (U.S. Academic Edition, excluding Law Schools)
|d vLex Global (Academic Edition, Law Schools)
|
| 650 |
0 |
4 |
|a Derecho Laboral y Seguridad Social
|z Espaą
|
| 740 |
0 |
|
|a vLex Libros (Servicio en ln̕ea)
|
| 856 |
4 |
0 |
|u http://vlex.com/source/servicios-esenciales-servicios-minimos-y-derecho-de-huelga-23178
|z Acceso restringido
|
| 942 |
|
|
|c BOOK
|
| 999 |
0 |
|
|a Labor law and social security
|